5-Letter Ends in 'R' Quiz Stats

 Plays Quiz Updated Jul 17, 2016

Challenge
Share
Tweet
Embed
Score 0/24 Timer 04:00
0 Plays Today
5-Letter Word % Correct
Mmayor
94.9%
Ffemur
94.7%
Jjuror
92.7%
Ootter
92.6%
Ppoker
92%
Ggator
91%
Uulcer
89.3%
Qqueer
88.4%
Wwater
87.6%
NNiger
84.4%
Llever
82.3%
Hhover
81.1%
5-Letter Word % Correct
Eether
79.4%
Ttaper
77.5%
Aamber
76.7%
Sspear
73.5%
Iinter
71.8%
Ddeter
71.8%
Vvigor
61.2%
Rrumor
54.5%
Bbriar
51.9%
Ccaper
49.6%
Kkefir
30.7%
ZZager
16.4%

You're not logged in!

Compare scores with friends on all Sporcle quizzes.
Join for Free
OR
Log In

You Might Also Like...

Show Comments

Extras

Top Quizzes Today


Score Distribution

Your Account Isn't Verified!

In order to create a playlist on Sporcle, you need to verify the email address you used during registration. Go to your Sporcle Settings to finish the process.

Report this User

Report this user for behavior that violates our Community Guidelines.

Details: